000 00582nam a22002177a 4500
003 UA-OsUOA
001 66822
007 ta
008 20100128b un ||||| |||| 00| 0 ukr d
100 _aМомот М.В.
090 _a101
_bМ76
942 _cSA
040 _aUA-OsUOA
_brus
_cUA-OsUOA
_dUA-OsUOA
245 _aЛиберализм и демократия Джона Стюарта Милля
300 _aС.173-185
955 _a0
041 _arus
080 _a101
773 0 _w66818
_tПолития
_dМ.
_d2009
_g4
650 7 _a1 Філософські науки
_2UDC
999 _c352932
_d352932